<?xml version="1.0" encoding="UTF-8"?>
<collection xmlns="http://www.loc.gov/MARC21/slim">
 <record>
  <leader>01837nam a2200325 a 4500</leader>
  <controlfield tag="001">1/40494</controlfield>
  <controlfield tag="008">101019s2006    gr f     b    00010 gre d</controlfield>
  <datafield tag="020" ind1=" " ind2=" ">
   <subfield code="a">9608851351</subfield>
  </datafield>
  <datafield tag="035" ind1=" " ind2=" ">
   <subfield code="l">43256</subfield>
  </datafield>
  <datafield tag="040" ind1=" " ind2=" ">
   <subfield code="a">GR-PeUP</subfield>
  </datafield>
  <datafield tag="082" ind1="0" ind2="0">
   <subfield code="a">331.12 ΓΙΩ</subfield>
  </datafield>
  <datafield tag="100" ind1="1" ind2=" ">
   <subfield code="a">Γιώτης, Γιώργος.</subfield>
  </datafield>
  <datafield tag="245" ind1="1" ind2="2">
   <subfield code="a">Η διάγνωση αναγκών αγοράς εργασίας στη περιφέρεια της Κεντρικής Μακεδονίας /</subfield>
   <subfield code="c">επιστημονικός υπεύθυνος του έργου Μιχάλης Χλέτσος ; συγγραφέας της μελέτης Γιώργος Γιώτης.</subfield>
  </datafield>
  <datafield tag="260" ind1=" " ind2=" ">
   <subfield code="a">Αθήνα :</subfield>
   <subfield code="b">ΠΑΕΠ,</subfield>
   <subfield code="c">2006.</subfield>
  </datafield>
  <datafield tag="300" ind1=" " ind2=" ">
   <subfield code="a">216 σ. :</subfield>
   <subfield code="b">πίν. ;</subfield>
   <subfield code="c">24 εκ.</subfield>
  </datafield>
  <datafield tag="490" ind1="1" ind2=" ">
   <subfield code="a">Μελέτες ;</subfield>
  </datafield>
  <datafield tag="504" ind1=" " ind2=" ">
   <subfield code="a">Περιέχει βιβλιογραφία.</subfield>
  </datafield>
  <datafield tag="650" ind1=" " ind2="4">
   <subfield code="a">Αγορά εργασίας</subfield>
   <subfield code="z">Ελλάδα</subfield>
   <subfield code="z">Μακεδονία, Κεντρική.</subfield>
  </datafield>
  <datafield tag="650" ind1=" " ind2="4">
   <subfield code="a">Αγορά εργασίας</subfield>
   <subfield code="z">Ελλάδα.</subfield>
  </datafield>
  <datafield tag="650" ind1=" " ind2="4">
   <subfield code="a">Αγορά εργασίας</subfield>
   <subfield code="x">Έρευνα.</subfield>
  </datafield>
  <datafield tag="650" ind1=" " ind2="4">
   <subfield code="a">Προσφορά εργασίας</subfield>
   <subfield code="x">Έρευνα</subfield>
   <subfield code="z">Ελλάδα</subfield>
   <subfield code="z">Μακεδονία.</subfield>
  </datafield>
  <datafield tag="650" ind1=" " ind2="4">
   <subfield code="a">Επιχειρήσεις</subfield>
   <subfield code="x">Ελλάδα</subfield>
   <subfield code="z">Εύβοια (Νομός).</subfield>
  </datafield>
  <datafield tag="650" ind1=" " ind2="4">
   <subfield code="a">Επιχειρήσεις</subfield>
   <subfield code="x">Ελλάδα</subfield>
   <subfield code="z">Μακεδονία.</subfield>
  </datafield>
  <datafield tag="650" ind1=" " ind2="4">
   <subfield code="a">Labor market</subfield>
   <subfield code="z">Greece</subfield>
   <subfield code="z">Central Makedonia.</subfield>
  </datafield>
  <datafield tag="650" ind1=" " ind2="4">
   <subfield code="a">Labor demand</subfield>
   <subfield code="z">Greece</subfield>
   <subfield code="z">Macedonia.</subfield>
  </datafield>
  <datafield tag="700" ind1="1" ind2=" ">
   <subfield code="a">Χλέτσος, Μιχάλης Π.</subfield>
  </datafield>
  <datafield tag="710" ind1="2" ind2=" ">
   <subfield code="a">Παρατηρητήριο Απασχόλησης Ερευνητική-Πληροφορική Α.Ε.</subfield>
  </datafield>
  <datafield tag="830" ind1=" " ind2=" ">
   <subfield code="a">Μελέτες ;</subfield>
   <subfield code="v">6.</subfield>
  </datafield>
  <datafield tag="852" ind1=" " ind2=" ">
   <subfield code="a">INST</subfield>
   <subfield code="b">UNIPILB</subfield>
   <subfield code="c">MAIN</subfield>
   <subfield code="e">20101019</subfield>
   <subfield code="h">331.12 ΓΙΩ</subfield>
   <subfield code="p">00162037</subfield>
   <subfield code="q">00162037</subfield>
   <subfield code="t">LOAN</subfield>
   <subfield code="y">0</subfield>
   <subfield code="4">1</subfield>
  </datafield>
  <datafield tag="852" ind1=" " ind2=" ">
   <subfield code="a">INST</subfield>
   <subfield code="b">UNIPILB</subfield>
   <subfield code="c">MAIN</subfield>
   <subfield code="e">20181218</subfield>
   <subfield code="h">331.12 ΓΙΩ</subfield>
   <subfield code="p">00172160</subfield>
   <subfield code="q">00172160</subfield>
   <subfield code="t">LOAN</subfield>
   <subfield code="y">0</subfield>
   <subfield code="4">2</subfield>
  </datafield>
 </record>
</collection>
